Integrácia vyspelých akciových trhov a trhov krajín V4 záverečná správa za celú dobu riešenia projektu VEGA 1/0826/11 : doba riešenia od 01/2011 do 12/2012
Uložené v:
| Hlavný autor: | |
|---|---|
| Ďalší autori: | , |
| Médium: | Kniha |
| Jazyk: | Slovak |
| Vydavateľské údaje: |
Košice
[2012]
|
| Predmet: | |
| Tagy: |
Žiadne tagy, Buďte prvý, kto otaguje tento záznam!
|
MARC
| LEADER | 00000nam a2200000 4500 | ||
|---|---|---|---|
| 001 | 0173389 | ||
| 005 | 20240610131343.4 | ||
| 041 | 0 | |a slo | |
| 044 | |a SK | ||
| 245 | 1 | 0 | |a Integrácia vyspelých akciových trhov a trhov krajín V4 |b záverečná správa za celú dobu riešenia projektu VEGA 1/0826/11 : doba riešenia od 01/2011 do 12/2012 |c vedúci projektu Eduard Baumöhl, spoluriešitelia Štefan Lyócsa, Tomáš Výrost |
| 264 | 1 | |a Košice |c [2012] | |
| 300 | |a [12 s.] | ||
| 610 | 2 | 0 | |a trh akciový |
| 610 | 2 | 0 | |a integrácia |
| 610 | 2 | 0 | |a kríza finančná |
| 100 | 1 | |a Baumöhl, Eduard, 1982- | |
| 700 | 1 | |a Lyócsa, Štefan, 1982- | |
| 700 | 1 | |a Výrost, Tomáš, 1978- | |